Quiz photos footballeurs - Statistiques

Statistiques générales
  • Ce quiz a été pris 118 fois
  • Le résultat moyen est 18 sur 40
Statistiques - réponses
Par images Hint Réponse % Correct
Français Valère Germain
93%
Français Nabil Fekir
86%
Français Florian Thauvin
85%
Français Corentin Tolisso
82%
Brésilien Hulk
82%
Français Leny Yoro
81%
Français Teji Savanier
76%
Français Kevin Gameiro
68%
Espagnol Lucas Vazquez
67%
Serbe Dusan Tadic
66%
Portugais Rafa Silva
65%
Argentin Papu Gomez
63%
Américain Giovanni Reyna
59%
Anglais Adam Lallana
58%
Français Melvin Bard
58%
Portugais Jota
53%
Equatorien Piero Hincapié
52%
Suédois Emil Forsberg
51%
Espagnol Jose Callejon
42%
Japonais Daichi Kamada
41%
Uruguayen Sebastian Coates
41%
Turc Emre Mor
38%
Brésilien Jemerson
38%
Portugais Bruma
35%
Polonais Jakub Kiwior
33%
Brésilen Yan Couto
29%
Italien Manuel Lazzari
28%
Anglais Aaron Cresswell
24%
Bosnien Rade Krunic
24%
Turc Altay Bayindir
22%
Anglais Mason Holgate
22%
Espagnol Joan Jordan
21%
Kosovar Milot Rashica
18%
Argentin Pablo Maffeo
18%
Brésilien Wendell
15%
Allemand Florian Neuhaus
13%
Suédois Jimmy Durmaz
12%
Allemand Chris Führich
6%
Autrichien Kevin Stöger
4%
Allemand Sonny Kittel
4%
Aucun quiz correspondant
Distribution des résultats
% des personnes avec chaque résultat
Percentile par nombre de réponses
Votre historique - résultats
Vous n’avez pas pris ce quiz